Użytki ekologiczne w Krakowie - Statystyki

Ogólne statystyki
  • Ten quiz został rozwiązany 6 razy
  • Średni wynik to 2 z 22
Statystyki odpowiedzi
Część Krakowa Użytek ekologiczny % Poprawnych
Nowa Huta Łąki Nowohuckie
67%
Prądnik Biały Dolina Prądnika
33%
Podgórze Kamieniołom Libana
33%
Podgórze Duchackie Słona Woda
17%
Czyżyny Staw Dąbski
17%
Zwierzyniec Zakrzówek
17%
Dębniki Dąbrowa
0%
Zwierzyniec Dolina Potoku Olszanickiego - Łąki Olszanickie
0%
Podgórze Gryziel
0%
Zwierzyniec Łąki nad Rudawą
0%
Swoszowice Łąki na Klinach
0%
Krowodrza Las Łęgowy na Zwierzyńcu im. Kazimierza Walasza
0%
Prądnik Biały Las w Witkowicach
0%
Łagiewniki Rozlewisko potoku Rzewnego
0%
Podgórze Rybitwy
0%
Dębniki Staw Królówka
0%
Podgórze Staw przy Cegielni
0%
Bieńczyce Staw przy Kaczeńcowej
0%
Prokocim Staw w Rajsku
0%
Dębniki Uroczysko Kowadza
0%
Bronowice Uroczysko w Rząsce
0%
Dębniki Zakrzówek - enklawa wschodnia
0%
Nie znaleziono quizów pasujących do podanych kryteriów
Rozkład punktacji
Procent ludzi z każdym wynikiem
Percentyl według liczby udzielonych odpowiedzi
Twoja historia wyników
Nie rozwiązałeś tego quizu